Vampire diaries quotes season 2 Quiz Stats

 Plays Quiz not verified by Sporcle

Challenge
Share
Tweet
Embed
Score 0/15 Timer 05:00
6 Plays Today
Quote Character % Correct
It's okay to love them both. I did.Katherine
99%
She's Katherine. She loves to play games.Damon
97.9%
This is reality, and there's no such thing as werewolvesDamon
97.3%
I came back to this town to start a life with you. We can't forget to live it.Stefan
96.7%
I've been dead before. I got over it.Damon
96.2%
I've been marked. What the hell kind of wolf pronoun stuff is that anyway?Damon
96.1%
You may be my father, but I am never gonna be your daughterElena
94.2%
Go to hellElena
94.2%
Quote Character % Correct
Isn't killing cute defenseless animals the first step to serial killer?Caroline
92.6%
Between here and upstairs, you may do something stupidBonnie
86.5%
So Elena is my sisters husbands brothers daughter and her mother is my boyfriends deceased wife. You can't make that stuff up.Jenna
84.8%
Gotta love mother natureKlaus
77.7%
Well, i'm naked. So... i'm gonna goAlaric
76.8%
For centuries nowElijah
70.3%
I'm a vampire. I haven't had a cold in five centuriesRose
54.8%

You're not logged in!

Compare scores with friends on all Sporcle quizzes.
OR
Log In

You Might Also Like...

Show Comments

Extras

Top Quizzes Today


Score Distribution

Your Account Isn't Verified!

In order to create a playlist on Sporcle, you need to verify the email address you used during registration. Go to your Sporcle Settings to finish the process.

Report this User

Report this user for behavior that violates our Community Guidelines.

Details: